Представление документа в формате RUSMARC

ПолеНазваниеЗначение
  Тип записи a
  Библиографический уровень m
001 Контрольный номер RU/SLIB/B/208706658
005 Дата корректировки 20221004092408.0
010 Индекс ISBN __
d Цена 78-26
101 Язык документа 0_
a Язык текста rus
200 Заглавие и сведения об ответственности 0_
a Заглавие Мир природы. Живые организмы и окружающая среда: 14 уникальных панорам важнейших природных экосистем
f Первые сведения об ответственности пер. с англ. О. Максименко ; предисл. Т. Ловджой
b Общее обозначение материала Текст
210 Выходные данные 1_
a Место издания М.
c Издательство Внешсигма
d Дата издания 1997
215 Физическое описание __
a Объем 142 с.
c Иллюстрации/тип воспроизводства ил
517 Другие варианты заглавия 1_
a Другие варианты заглавия Живые организмы и окружающая среда: 14 уникальных панорам важнейших природных экосистем
606 Тематические рубрики __
a Основная рубрика Биология
606 Тематические рубрики __
a Основная рубрика Прикладная биология
610 Ключевые слова 0_
a Ключевые слова растительный мир; растения; природные экосистемы; экосистемы; флора
686 Индексы других классификаций __
2 Код системы rubbks
a Классификационный индекс ст28.08
702 Вторичная интеллектуальная ответственность _1
a Фамилия Максименко
b Имя О.
4 Код отношения Переводчик
4 Код отношения 730
702 Вторичная интеллектуальная ответственность _1
a Фамилия Ловджая
b Имя Т.
4 Код отношения Автор предисловия и т.д.
4 Код отношения 080
801 Источник записи _0
a Страна RU
b Организация Муниципальное бюджетное учреждение культуры "Централизованная библиотечная система" г. Сургут (Центральная городская библиотека им. А. С. Пушкина)
g Правила каталогизации ОБ/Смолякова
801 Источник записи _1
a Страна RU
b Организация Муниципальное бюджетное учреждение культуры "Централизованная библиотечная система" г. Сургут (Центральная городская библиотека им. А. С. Пушкина)
g Правила каталогизации ОБ/Смолякова
852 Данные о местонахождении __
j Шифр хранения ст28.08
i Авторский знак М 63
p Инвентарный номер 67594
901 Тип документа __
t Тип документа m
w Контрольный № источника р
903 Характеристики (МАРС) __
a Дата передачи 19980518
990 Данные о заказе (DOS) 00
j Количество экземпляров (DOS) 1